Kalagrama- the artist village (Record no. 8723)

000 -LEADER
fixed length control field 00512nam a22001697a 4500
008 - FIXED-LENGTH DATA ELEMENTS--GENERAL INFORMATION
fixed length control field 201211b ||||| |||| 00| 0 eng d
040 ## - CATALOGING SOURCE
Original cataloging agency BMS College of Archtecture
100 ## - MAIN ENTRY--PERSONAL NAME
Personal name Ashok, Manjula
245 ## - TITLE STATEMENT
Title Kalagrama- the artist village
300 ## - PHYSICAL DESCRIPTION
Extent 48p.
500 ## - GENERAL NOTE
General note 1BM11AT032
502 ## - DISSERTATION NOTE
Degree type B,Arch
Name of granting institution BMS College of Architecture, Visvesvaraya Technological University (VTU)
Dissertation note Project report
Year degree granted 2015
650 ## - SUBJECT ADDED ENTRY--TOPICAL TERM
Topical term or geographic name as entry element Village
700 ## - ADDED ENTRY--PERSONAL NAME
Personal name Sowmya M
Relator term Guide
700 ## - ADDED ENTRY--PERSONAL NAME
Personal name Chaitali Babar
Relator term Guide
942 ## - ADDED ENTRY ELEMENTS (KOHA)
Source of classification or shelving scheme
Koha item type UG-Thesis and Dissertations
Holdings
Withdrawn status Lost status Source of classification or shelving scheme Damaged status Not for loan Permanent Location Current Location Date acquired Barcode Date last seen Koha item type
          BMS College of Architecture, Design and Planning BMS College of Architecture, Design and Planning 2020-12-11 AR-UGP406 2020-12-11 UG-Thesis and Dissertations
Copyright © 2025, The Librarian, Library and Information Centre, BMSCA D&P, Bengaluru. All Rights Reserved
web counter

Powered by Koha